Statistics for Most Powerful Countries Bordering Each Other

Click here to take the quiz!

General Stats

  • This quiz has been taken 16,451 times
  • The average score is 20 of 23

Answer Stats

Country % Correct
Russia
100%
United States
99%
China
99%
Canada
98%
India
97%
France
97%
Germany
97%
Mexico
96%
Spain
95%
North Korea
93%
Italy
92%
Pakistan
92%
Iran
91%
South Korea
91%
Poland
88%
Ukraine
86%
Turkey
83%
Vietnam
75%
Switzerland
74%
Egypt
73%
Israel
73%
Greece
70%
Norway
54%

Score Distribution

Percentile by Number Answered

Percent of People with Each Score

Your Score History

You have not taken this quiz